00802nam a2200193 a 450000100100000000500170001000800410002704000250006808200180009310000580011124501130016926000360028230000210031865000490033965000590038870000310044795201150047899900150059300000517720211014100129.0090804s1998 dr 000 0 spa d aDO-SdBNPbspacBNPHU a864.44bR466d1 aReynoso Reynoso, Antonio,cPadre Toñod1954-91482310aDel púlpito a la política /cAntonio Reynosos Reynoso ; edición al cuidado de Rafael Menoscal Reynoso. aSanto Domingo :bCocolo,c1998. a255 p. ;c21 cm. 4aPoliticaxEnsayos, conferencias, etc.914824 4aReligionxReligion, ensayos, conferencias, etc.9148251 aReynoso, Menoscaleed.941 0010718PDaPDbPDcHDd2009-08-04iLF1l0o864.44 R466dp5177-10r2020-06-25w2020-06-25yLFPDZNo se presta c4980d4980